000 00483nam a2200181Ia 4500
003 GCL
008 140319s9999 xx 000 0 ara d
040 _aGCL /
_cGCL
082 0 4 _aط
_b813.081
_bج ا
100 1 _aجبار حسين
245 1 0 _aاشور بانيبال /
_cجبار حسين
700 1 _aطالب مكى
300 _a28 ص
490 _aالسلسلة التاريخية
_v0
650 0 4 _aالاطفال
650 0 4 _aقصص الاطفال
942 _2ddc
_cBK
999 _c51385
_d51385